Thermographic Non-Destructive Evaluation for Natural Fiber-Reinforced Composite Laminates; Applied Sciences; Vol. 8, iss. 2
| Parent link: | Applied Sciences Vol. 8, iss. 2.— 2018.— [240,18 p.] |
|---|---|
| Ente Autore: | |
| Altri autori: | , , , , , , , |
| Riassunto: | Title screen Natural fibers, including mineral and plant fibers, are increasingly used for polymer composite materials due to their low environmental impact. In this paper, thermographic non-destructive inspection techniques were used to evaluate and characterize basalt, jute/hemp and bagasse fibers composite panels. Different defects were analyzed in terms of impact damage, delaminations and resin abnormalities. Of particular interest, homogeneous particleboards of sugarcane bagasse, a new plant fiber material, were studied. Pulsed phase thermography and principal component thermography were used as the post-processing methods. In addition, ultrasonic C-scan and continuous wave terahertz imaging were also carried out on the mineral fiber laminates for comparative purposes. Finally, an analytical comparison of different methods was given. |
| Lingua: | inglese |
| Pubblicazione: |
2018
|
| Soggetti: | |
| Accesso online: | http://dx.doi.org/10.3390/app8020240 |
| Natura: | MixedMaterials Elettronico Capitolo di libro |
| KOHA link: | https://koha.lib.tpu.ru/cgi-bin/koha/opac-detail.pl?biblionumber=666966 |
MARC
| LEADER | 00000naa0a2200000 4500 | ||
|---|---|---|---|
| 001 | 666966 | ||
| 005 | 20250227165524.0 | ||
| 035 | |a (RuTPU)RU\TPU\network\38170 | ||
| 035 | |a RU\TPU\network\31396 | ||
| 090 | |a 666966 | ||
| 100 | |a 20220209d2018 k||y0rusy50 ba | ||
| 101 | 0 | |a eng | |
| 102 | |a CH | ||
| 135 | |a drcn ---uucaa | ||
| 181 | 0 | |a i | |
| 182 | 0 | |a b | |
| 200 | 1 | |a Thermographic Non-Destructive Evaluation for Natural Fiber-Reinforced Composite Laminates |f Hai Zhang, S. Sfarra, F. Sarasini [et al.] | |
| 203 | |a Text |c electronic | ||
| 300 | |a Title screen | ||
| 320 | |a [References: 42 tit.] | ||
| 330 | |a Natural fibers, including mineral and plant fibers, are increasingly used for polymer composite materials due to their low environmental impact. In this paper, thermographic non-destructive inspection techniques were used to evaluate and characterize basalt, jute/hemp and bagasse fibers composite panels. Different defects were analyzed in terms of impact damage, delaminations and resin abnormalities. Of particular interest, homogeneous particleboards of sugarcane bagasse, a new plant fiber material, were studied. Pulsed phase thermography and principal component thermography were used as the post-processing methods. In addition, ultrasonic C-scan and continuous wave terahertz imaging were also carried out on the mineral fiber laminates for comparative purposes. Finally, an analytical comparison of different methods was given. | ||
| 461 | |t Applied Sciences | ||
| 463 | |t Vol. 8, iss. 2 |v [240,18 p.] |d 2018 | ||
| 610 | 1 | |a электронный ресурс | |
| 610 | 1 | |a труды учёных ТПУ | |
| 610 | 1 | |a plant fiber | |
| 610 | 1 | |a mineral fiber | |
| 610 | 1 | |a infrared thermography | |
| 610 | 1 | |a non-destructive testing | |
| 610 | 1 | |a composite | |
| 610 | 1 | |a минеральные волокна | |
| 610 | 1 | |a инфракрасная термография | |
| 610 | 1 | |a неразрушающий контроль | |
| 701 | 0 | |a Hai Zhang | |
| 701 | 1 | |a Sfarra |b S. |c specialist in the field of non-destructive testing |c Researcher of Tomsk Polytechnic University |f 1979- |g Stefano |3 (RuTPU)RU\TPU\pers\38660 | |
| 701 | 1 | |a Sarasini |b F. |g Fabrizio | |
| 701 | 1 | |a Santulli |b C. |g Carlo | |
| 701 | 1 | |a Fernandes |b H. C. |g Henrique Coelho | |
| 701 | 1 | |a Avdelidis |b N. P. |g Nicolas | |
| 701 | 1 | |a Ibarra-Castanedo |b C. |g Clemente | |
| 701 | 1 | |a Maldague |b X. P. V. |g Xavier | |
| 712 | 0 | 2 | |a Национальный исследовательский Томский политехнический университет |b Исследовательская школа физики высокоэнергетических процессов |c (2017- ) |3 (RuTPU)RU\TPU\col\23551 |
| 801 | 2 | |a RU |b 63413507 |c 20220209 |g RCR | |
| 856 | 4 | |u http://dx.doi.org/10.3390/app8020240 | |
| 942 | |c CF | ||